000 00906cam a22002533a 4500
001 3002
003 PGUSA
005 20140828083024.0
008 020101s2002||||xxu|||||s|||||000 | eng d
040 _aPGUSA
_beng
042 _adc
050 4 _aM
245 1 0 _aSociety's Child (audiofile)
_h[electronic resource]
260 _bProject Gutenberg,
_c2002
500 _asochi-high.mp3 is MP3 file, no degradation sochi-med.mp3 file is MP3 file, slightly reduced sound quality sochi22.wav file is WAV file at 22 kHz sochi11.wav file is WAV file at 11kHz.
506 _aCopyrighted. Read the copyright notice inside this book for details.
516 _aElectronic text
653 _aPopular music -- 1961-1970
653 _aFolk songs, English -- United States
700 1 _aIan, Janis,
_d1951-
830 0 _aProject Gutenberg
_v3002
856 4 0 _uhttp://www.gutenberg.org/ebooks/3002
942 _cEB
999 _c232332
_d232332